000 00348cam a22001097a 4500
008 180718b1969 xxu||||| |||| 00| 0 eng d
082 _aA75 G949BHA
245 _aGujarat state gazetteers: Bhavnagar
_cedited by R.K. Trivedi
260 _aAhmedabad
_bGovernment Printing, Stationery and Publications
_c1969
300 _a630+p.
700 _aTrivedi, R.K.
999 _c486941
_d486941